Vendéglátóipari egységek telephelyválasztását meghatározó tényezők vizsgálata

Bibliographic Details
Main Author: Kiss Barnabás
Other Authors: Kozák Dr. Tamás József
Format: Thesis
Kulcsszavak:telephelyválasztás
vendéglátóipar
mátrix
kereskedelem
marketing
Online Access:http://dolgozattar.uni-bge.hu/2315

MARC

LEADER 00000nta a2200000 i 4500
001 dolg2315
005 20150901141847.0
008 150507suuuu hu om 000 hun d
040 |a BGE Dolgozattár Repozitórium  |b hun 
041 |a hu 
100 1 |a Kiss Barnabás 
245 1 0 |a Vendéglátóipari egységek telephelyválasztását meghatározó tényezők vizsgálata  |c Kiss Barnabás  |h [elektronikus dokumentum] 
246 1 1 |a Vendéglátóipari egységek telephelyválasztását meghatározó tényezők vizsgálata 
695 |a telephelyválasztás 
695 |a vendéglátóipar 
695 |a mátrix 
695 |a kereskedelem 
695 |a marketing 
700 1 |a Kozák Dr. Tamás József  |e ths 
856 4 0 |u http://dolgozattar.uni-bge.hu/2315/1/Kiss%20Barnab%C3%A1s%20szakdolgozat%20B9XD3W.pdf  |z Dokumentum-elérés 
856 4 0 |u http://dolgozattar.uni-bge.hu/2315/7/Kiss%20Barnab%C3%A1s%20szakdolgozat%20B9XD3W.pdf  |z Dokumentum-elérés